Vulnerabilidad de la carretera Telica - San Isidro, ante desastres naturales

Presenta documento de la vulnerabilidad de la carretera Telica - San Isidro, ante desastres naturales en la cual se describen las características geomorfológicas y socioeconómicas de la zona, así como la evaluación de las amenazas naturales que afectan la carretera.

Bibliographic Details
Main Authors: Díaz Cuadra, Yahoska de los Ángeles, Rocha Mayorga, Yuri Ivania
Other Authors: Tutor: Ocampo Elvir, Gustavo Adolfo
Format: Tesis Section = Libro
Language:Undetermined
Spanish
Published: Managua UNI 2010
Subjects:
LEADER 01077nam a2200253Ia 4500
008 240830s9999 xx 000 0 und d
040 |a BIBLIOTECA-RUPAP T.Mon 625.7 D542 
041 |a spa 
082 |a T.Mon 625.7 D542 
100 1 |a Díaz Cuadra, Yahoska de los Ángeles 
100 1 |b Rocha Mayorga, Yuri Ivania 
245 1 0 |a Vulnerabilidad de la carretera Telica - San Isidro, ante desastres naturales 
260 |a Managua  |b UNI  |c 2010 
300 |a 101 p. :il. 
500 |a Contiene: anexos. 
502 |a Tesis (Ingeniero Civil)- UNI, 2010. 
520 3 |a Presenta documento de la vulnerabilidad de la carretera Telica - San Isidro, ante desastres naturales en la cual se describen las características geomorfológicas y socioeconómicas de la zona, así como la evaluación de las amenazas naturales que afectan la carretera. 
650 7 |a CONSTRUCCION DE CARRETERAS 
650 7 |b CARRETERAS - MANTENIMIENTO Y REPARACION 
650 7 |c CARRETERA - FINANCIACION 
700 1 |a Tutor:  |b Ocampo Elvir, Gustavo Adolfo 
942 |c BK  |2 ddc 
991 |a TESIS 
999 |c 18162